देवदास / (Record no. 198046)

MARC details
000 -LEADER
fixed length control field 00731nam a22001817a 4500
005 - DATE AND TIME OF LATEST TRANSACTION
control field 20230912161821.0
010 ## - LCCN (DPL NO)
LC control number HIN-125933
020 ## - INTERNATIONAL STANDARD BOOK NUMBER
International Standard Book Number 9789381930205
Terms of availability 300.00
035 ## - SYSTEM CONTROL NUMBER
System control number HN-98279
037 ## - SOURCE OF ACQUISITION
Source of stock number/acquisition DBAD/PUB
082 ## - DEWEY DECIMAL CLASSIFICATION NUMBER
Classification number
100 ## - MAIN ENTRY--PERSONAL NAME
Personal name चटटोपाध्याय ,शरतचन्द्र
245 ## - TITLE STATEMENT
Title देवदास /
Statement of responsibility, etc शरतचन्द्र चटटोपाध्याय
Remainder of title
260 ## - PUBLICATION, DISTRIBUTION, ETC. (IMPRINT)
Place of publication, distribution, etc दिल्ली ,
Name of publisher, distributor, etc कार्तिक प्रकाशक
Date of publication, distribution, etc 2019
270 ## - ADDRESS
Address बी-89, गली न. -9, पश्चिमी करावल नगर
City दिल्ली
Postal code 110090
300 ## - PHYSICAL DESCRIPTION
Extent 95p.
Dimensions 22cm(सजिल्द )
942 ## - ADDED ENTRY ELEMENTS (KOHA)
Source of classification or shelving scheme Dewey Decimal Classification
Item type Hindi Books
Classification part
Call number prefix चटटो
Holdings
Withdrawn status Lost status Not for loan Collection code Home library Current library Date acquired Source of acquisition Cost, normal purchase price Full call number Barcode Copy number Cost, replacement price Koha item type
      Fiction Mobile Library Mobile Library 12/09/2023 DBAD/PUB 300.00 उ चटटो HN-98279 1 300.00 Hindi Books

© Delhi Public Library
Hit Counter
free hit counter